00729nam a2200205 a 45000010005000000030009000050080041000140200015000550400028000700820018000981000022001162450042001382600038001803000011002185900074002296500039003039420012003429990017003549520152003718147CO-ViMGA141112s2004 ck r 000 u spa d a9581402578 aCO-ViMGAbspacCO-ViMGA04aCo863.44 P19n1 aPaz, Victor9788510aNaufragio en Mi Bemol / cPaz Victor  aBogotá, cPlaza y Janes, c1995 a206 p. aForma de adquisición : donacion - - Proveedor : Luis Ángel Arango14aNovela colombiana - siglo xx92058 2ddccBK c19960d19960 00102ddc40708003aMEVIECARbMEVIECARd2015-12-04hVolumen. 1 | 11/jun/2009l0oCo863.44 P19n p8147r2015-12-04 00:00:00tEj. 1w2015-12-04yBK